Score 0/15 Timer 15:00
11 Plays Today
% Correct
2413
98.6%
4132
91.4%
3241
90.3%
2134
81.7%
4231
80.2%
1243
75.7%
1324
67.3%
2134
62%
% Correct
1342
54.2%
1423
53.8%
3142
48%
2341
45.7%
4321
43.4%
4213
24.9%
3412
20%
Remove Ads.
Support Sporcle.
Get the best of Sporcle when you Go Orange. This ad-free experience offers more features, more stats, and more fun while also helping to support Sporcle. Thank you for becoming a member.

You're not logged in!

Compare scores with friends on all Sporcle quizzes.
OR
Log In

Show Comments

Extras

Top Quizzes Today


Score Distribution

Your Account Isn't Verified!

In order to create a playlist on Sporcle, you need to verify the email address you used during registration. Go to your Sporcle Settings to finish the process.

Report this User

Report this user for behavior that violates our Community Guidelines.

Details: